Az ethikai világrend útjelzői.
Elmentve itt :
| Szerző: | |
|---|---|
| Adatforrás: | Philobibl |
| Dokumentumtípus: | Könyv |
| Nyelv: | magyar |
| Megjelent: |
Budavári Tudományos Társaság.
1925
|
| LEADER | 00314nam a2200109 c 4500 | ||
|---|---|---|---|
| 001 | bibDOK00028030 | ||
| 005 | 20200924122303.1 | ||
| 008 | 060518s1925 xx hun | ||
| 100 | 1 | |a Bárány Gerő | |
| 245 | 1 | 3 | |a Az ethikai világrend útjelzői. |c Bárány Gerő |
| 260 | |b Budavári Tudományos Társaság. |c 1925 | ||
| 300 | |a 131 p. p. | ||